000 00802nam a2200289Ia 4500
003 OSt
005 20221007111702.0
006 a|||||r|||| 00| 0
007 ta
008 221006b |||||||| |||| 00| 0 eng d
020 _a1841741191
024 _a24,091
037 _cTextual
040 _aLCO
_cLCO
_beng
041 _2eng
_aeng
082 _aL9B:(Z), P1
100 _aLee G. Robert
_9708438
245 0 _aHuman Fertilisation and Embryology
260 _aLondon
_bBlackstone Press Limited U.K.
_c2001
300 _a401
500 _aRegulating the Reproductive Revolution
650 _a EMBRYOLOGY
_9708439
650 _aHUMAN
_9336080
700 _a Morgan Derek
_9708440
942 _hL9B:(Z), P1
_cTEXL
999 _c1193654
_d1193654